Vainqueurs de la Coupe d'Asie des Nations depuis 1956 - Statistiques

Statistiques générales
  • Ce quiz a été pris 335 fois
    76 depuis la dernière actualisation
  • Le résultat moyen est 16 sur 18
Statistiques - réponses
Hint Réponse % Correct
1992 Japon
100%
2000 Japon
100%
2004 Japon
100%
2011 Japon
100%
1956 Corée du Sud
97%
1960 Corée du Sud
97%
2019 Qatar
92%
2023 Qatar
92%
1984 Arabie Saoudite
90%
1988 Arabie Saoudite
90%
1996 Arabie Saoudite
90%
1968 Iran
85%
1972 Iran
85%
1976 Iran
85%
2007 Irak
80%
2015 Australie
76%
1964 Israël
56%
1980 Koweït
44%
Aucun quiz correspondant
Distribution des résultats
% des personnes avec chaque résultat
Percentile par nombre de réponses
Votre historique - résultats
Vous n’avez pas pris ce quiz depuis la dernière actualisation